[Event "AUTO-INT-2238"]
[Site "http://www.queenalice.com/game.php?id=1024999"]
[Date "2012.2.2"]
[Round "1"]
[White "rodriw02"]
[Black "helderdinizcp"]
[Result "0-1"]
[WhiteElo "1510"]
[BlackElo "1592"]

1. e4 e5 2. d3 Nf6 3. c3 a6 4. b4 d5 5. Nf3 dxe4 6. Nxe5 c5 7. Bg5 Be7 8. Nd2
cxb4 9. cxb4 Bxb4 10. Qa4+ Nc6 11. Nxc6 bxc6 12. Qxb4 exd3 13. Nc4 Be6 14. Nd6+
Kd7 15. Nb7 Qe7 16. Qd4+ Bd5+ 17. Kd2 Ne4+ 18. Kd1 Qxg5 19. Qb2 d2 20. h4 Nxf2+
21. Ke2 Rhe8+ 22. Kxf2 Qe3# 0-1

[Event "AUTO-INT-2238"]
[Site "http://www.queenalice.com/game.php?id=1025000"]
[Date "2012.2.2"]
[Round "1"]
[White "helderdinizcp"]
[Black "rodriw02"]
[Result "1-0"]
[WhiteElo "1598"]
[BlackElo "1491"]

1. e4 e5 2. Nf3 f6 3. Bc4 Nh6 4. d3 Qe7 5. Nc3 Nc6 6. Nd5 Qc5 7. Nxc7+ Kd8 8.
Nxa8 b5 9. Be3 Qb4+ 10. Qd2 Qxb2 11. O-O bxc4 12. Bxa7 Qb7 13. Bb6+ Ke7 14. Nc7
Kf7 15. Nd5 Qa6 16. d4 exd4 17. Nxd4 Ne5 18. Rab1 Qxa2 19. Bd8 Ba6 20. Rb8 Bc5
21. Nb4 Qa4 22. c3 Bxb4 23. cxb4 Nhg4 24. Nf5 h5 25. Nd6+ Kg6 26. b5 Bxb5 27.
Nxb5 Nc6 28. Rb7 Nxd8 29. Rxd7 Qxb5 30. Rxd8 Qe5 31. f4 Qc5+ 32. Kh1 c3 33. Qd3
Nf2+ 34. Rxf2 Qxf2 35. e5+ f5 36. Rd6+ Kh7 37. Qxf5+ Kg8 38. Rd8# 1-0

[Event "Challenge"]
[Site "http://www.queenalice.com/game.php?id=1025186"]
[Date "2012.2.2"]
[Round "-"]
[White "rodriw02"]
[Black "mapers"]
[Result "0-1"]
[WhiteElo "1525"]
[BlackElo "1707"]

1. e4 e5 2. Nf3 Nc6 3. c3 Nf6 4. d3 d5 5. d4 Nxe4 6. Ng5 Nxg5 7. Bxg5 Qxg5 8.
Qe2 Qc1+ 9. Qd1 Qxb2 10. Nd2 Qxc3 11. Rc1 Qxd4 12. h4 Bb4 13. Qe2 Qb2 14. Qd1 e4
15. f3 e3 16. Rc2 Qe5 17. Qe2 Qa1+ 18. Qd1 Qe5 19. Qe2 Nd4 20. f4 Nxc2+ 21. Kd1
Qc3 22. Nb1 Qc5 23. Nd2 Bxd2 24. Qh5 O-O 25. Bd3 f5 26. Ke2 Nd4+ 27. Kf1 Qc1+
28. Qd1 Qxd1# 0-1

[Event "Challenge"]
[Site "http://www.queenalice.com/game.php?id=1025187"]
[Date "2012.2.2"]
[Round "-"]
[White "mapers"]
[Black "rodriw02"]
[Result "1-0"]
[WhiteElo "1716"]
[BlackElo "1516"]

1. e4 e5 2. Nf3 f6 3. Nc3 c6 4. d4 Bb4 5. a3 Bxc3+ 6. bxc3 g5 7. d5 c5 8. d6 Qa5
9. Bd2 c4 10. Bxc4 Nh6 11. Bd5 Qc5 12. Be3 Qxd6 13. c4 a5 14. c5 Qa6 15. c4 a4
16. h4 Qa5+ 17. Bd2 Qxc5 18. Bb4 Qc7 19. Nd2 d6 20. Qh5+ Kd8 21. Qxh6 b5 22.
Qxf6+ Qe7 23. Qxh8+ Kc7 24. hxg5 Qd8 25. Rxh7+ Bd7 26. Bxd6+ Kc8 27. Bb7+ Kxb7
28. Qxd8 Ka6 29. Bxb8 Bc6 30. Qc8+ Kb6 31. Qc7+ Kc5 32. Qxe5+ Kb6 33. c5+ Ka5
34. Qc7+ Ka6 35. Qxc6+ Ka5 36. Bc7# 1-0

[Event "AUTO-OPEN-2628"]
[Site "http://www.queenalice.com/game.php?id=1037169"]
[Date "2012.3.8"]
[Round "1"]
[White "Arwan"]
[Black "rodriw02"]
[Result "1-0"]
[WhiteElo "1757"]
[BlackElo "1454"]

1. e4 e5 2. Nf3 f6 3. Nxe5 fxe5 4. Qh5+ Ke7 5. Qxe5+ Kf7 6. Bc4+ Kg6 7. Qf5+ Kh6
8. d4+ g5 9. Bxg5+ Qxg5 10. Qxf8+ Qg7 11. Qf4+ Qg5 12. Qxg5+ Kxg5 13. O-O Nf6
14. Nc3 d6 15. Rfe1 Nc6 16. e5 dxe5 17. dxe5 Ng4 18. e6 Nge5 19. Bb3 a5 20. g3
Nf3+ 21. Kg2 Ncd4 22. Re3 b6 23. Nb5 Nxb5 24. Rxf3 Nd4 25. h4+ Kg4 26. Rf4+ Kh5
27. Rxd4 Bb7+ 28. Kg1 Rae8 29. Re1 Bf3 30. Re3 Bg4 31. Re5+ Kh6 32. Rxg4 Rhg8
33. Rxg8 Rxg8 34. e7 Re8 35. Bf7 Rxe7 36. Rxe7 Kg7 37. Bc4+ Kg6 38. Rxc7 Kf5 39.
Rxh7 Ke4 40. h5 a4 41. h6 1-0

[Event "AUTO-OPEN-2628"]
[Site "http://www.queenalice.com/game.php?id=1037170"]
[Date "2012.3.8"]
[Round "1"]
[White "rodriw02"]
[Black "Arwan"]
[Result "0-1"]
[WhiteElo "1450"]
[BlackElo "1761"]

1. e4 e5 2. d3 Nf6 3. Nh3 d5 4. Ng5 Be6 5. c3 dxe4 6. Qa4+ Bd7 7. Qb3 Qe7 8.
dxe4 b6 9. Be2 Be6 10. Qb5+ Bd7 11. Qc4 c5 12. O-O a6 13. b3 h6 14. Nf3 Bb5 15.
Nxe5 Bxc4 16. Nxc4 Nbd7 17. Rd1 Qe6 18. e5 Nxe5 19. Nxb6 Qxb6 20. f4 c4+ 21. Kh1
Ned7 22. Bxc4 Bc5 23. b4 Bf2 24. a4 O-O 25. a5 Qc6 26. Ra2 Ba7 27. Re2 Qxc4 28.
Rf2 Bxf2 29. h3 Bg3 30. Be3 Ne4 31. Na3 Qe2 32. Rg1 Qxe3 33. Nc2 Nf2# 0-1

[Event "AUTO-OPEN-2628"]
[Site "http://www.queenalice.com/game.php?id=1037197"]
[Date "2012.3.8"]
[Round "1"]
[White "rodriw02"]
[Black "mitsho"]
[Result "0-1"]
[WhiteElo "1404"]
[BlackElo "1728"]

1. e4 e5 2. Nf3 d5 3. d3 Nf6 4. Bg5 Be7 5. Nxe5 O-O 6. Nc3 Qd6 7. d4 Nc6 8. Nb5
Qb4+ 9. c3 Qa5 10. b4 Qb6 11. exd5 Nd8 12. a4 a5 13. f3 c6 14. dxc6 bxc6 15. Na3
axb4 16. Nac4 Qb7 17. Rb1 Nd5 18. Bxe7 Qxe7 19. cxb4 Nc3 20. Qd3 Nxb1 21. Qxb1
Rxa4 22. Kd1 Ne6 23. Nb6 Rxb4 24. Qe4 Rxd4+ 25. Bd3 Rxe4 26. Bxe4 Qd6+ 27. Nd3
Nf4 28. Nc4 Qd4 29. Na5 c5 30. Nb3 Qd6 31. g3 Nxd3 32. Nd2 Nf2+ 33. Ke2 Nxh1 34.
f4 Ba6+ 35. Ke1 Re8 36. f5 Bd3 37. Kd1 Bxe4 38. h4 Bf3+ 39. Kc2 Re2 40. Kb3 Rxd2
41. h5 Bd1+ 42. Kc4 Qd5+ 43. Kb5 Rb2+ 44. Ka6 Qa8# 0-1

[Event "AUTO-OPEN-2628"]
[Site "http://www.queenalice.com/game.php?id=1037198"]
[Date "2012.3.8"]
[Round "1"]
[White "mitsho"]
[Black "rodriw02"]
[Result "1-0"]
[WhiteElo "1691"]
[BlackElo "1409"]

1. d4 d5 2. c4 dxc4 3. Nf3 f6 4. e4 e6 5. Bxc4 g5 6. Nc3 c6 7. d5 Bb4 8. Qa4 a5
9. dxc6 Nxc6 10. O-O Bd7 11. Bb5 e5 12. Bd2 Bg4 13. Bxc6+ bxc6 14. Qxc6+ Bd7 15.
Qd5 Ne7 16. Qc4 Bg4 17. Ne1 Qxd2 18. Qb5+ Bd7 19. Qb7 O-O 20. Rd1 Qxb2 21. Rxd7
Qxc3 22. Nd3 Qd2 23. Nxe5 Qxa2 24. Nc6 f5 25. Nxb4 Qe6 26. Rxe7 Qd6 27. Rg7+ Kh8
28. Rxh7+ Kg8 29. Qg7# 1-0

[Event "Challenge"]
[Site "http://www.queenalice.com/game.php?id=1070839"]
[Date "2012.6.11"]
[Round "-"]
[White "rodriw02"]
[Black "mapers"]
[Result "1-0"]
[WhiteElo "1401"]
[BlackElo "1726"]

1. e4 e5 2. d3 Nc6 3. c3 d5 4. Qf3 d4 5. b3 dxc3 6. Nxc3 Nd4 7. Qd1 Bb4 8. Qd2
c5 9. a3 Nxb3 10. Qb2 Nxa1 11. axb4 cxb4 12. Nd5 f6 13. Qxa1 Be6 14. Nxb4 a5 15.
Nc2 b5 16. Na3 b4 17. Nb5 Qb6 18. Qa4 O-O-O 19. Be3 Qa6 20. Na7+ Kb8 21. Nc6+
Kc7 22. Nxb4 Qa8 23. Qc2+ Kd7 24. Bb6 axb4 25. Bxd8 Kxd8 26. Nf3 Qa1+ 27. Ke2
Nh6 28. h3 g5 29. Nd2 Qd4 30. Qc6 Ke7 31. Qb7+ Bd7 32. Nc4 b3 33. Qb4+ Kf7 34.
Qxb3 Be6 35. Qb7+ Kg6 36. g4 Nf7 37. Qc6 Nd8 38. Qc7 Qa1 39. Qb6 Qa2+ 40. Kf3 h5
41. gxh5+ Rxh5 42. Qxd8 g4+ 43. Kg3 Qb3 44. Qe8+ Bf7 45. Qc8 Qd1 46. Bg2 Qxd3+
47. Ne3 gxh3 48. Bf3 Rh7 49. Qg4+ Kh6 50. Nf5# 1-0

[Event "Challenge"]
[Site "http://www.queenalice.com/game.php?id=1070872"]
[Date "2012.6.11"]
[Round "-"]
[White "mapers"]
[Black "rodriw02"]
[Result "1-0"]
[WhiteElo "1695"]
[BlackElo "1430"]

1. e4 e5 2. d4 Nc6 3. d5 Nd4 4. c3 Bc5 5. b4 Bb6 6. Bd3 Qf6 7. Be3 a5 8. b5 d6
9. a4 g5 10. Nf3 Bg4 11. h3 Bxf3 12. gxf3 Nxf3+ 13. Ke2 Nh4 14. Nd2 Bxe3 15.
fxe3 Nh6 16. Rf1 Qg7 17. Nf3 Ng2 18. Rg1 Nxe3 19. Qd2 Nxd5 20. exd5 f6 21. h4 g4
22. Nh2 g3 23. Nf1 Qg4+ 24. Ke3 Nf5+ 25. Bxf5 Qf4+ 26. Ke2 Qf2+ 27. Kd1 Qxg1 28.
Qe2 Ke7 29. Kd2 g2 30. Bh3 Rhg8 31. h5 gxf1=Q 32. Rxf1 Qg5+ 33. Kd1 Qg3 34. Be6
Rg5 35. Rf3 Qh4 36. Rf1 Qxa4+ 37. Ke1 Qa1+ 38. Kf2 Qxc3 39. Qe4 Qg3+ 40. Ke2
Rxh5 41. Qc4 Rh2+ 42. Kd1 a4 43. Qxc7+ Ke8 44. Qf7+ Kd8 45. Qd7# 1-0

[Event "AUTO-OPEN-2711"]
[Site "http://www.queenalice.com/game.php?id=1070977"]
[Date "2012.6.12"]
[Round "1"]
[White "rodriw02"]
[Black "chessman"]
[Result "0-1"]
[WhiteElo "1396"]
[BlackElo "1843"]

1. e4 e6 2. d3 d5 3. Nf3 dxe4 4. dxe4 Qxd1+ 5. Kxd1 Bc5 6. Be3 Bxe3 7. fxe3 Nf6
8. Bd3 O-O 9. e5 Nd5 10. Re1 Nc6 11. a3 Bd7 12. Ng5 h6 13. Ne4 Nxe5 14. Nbc3
Nxd3 15. cxd3 b6 16. Nxd5 exd5 17. Nc3 Bg4+ 18. Ne2 Rfe8 19. h3 Bf5 20. Nf4 c6
21. g4 Bd7 22. b4 a5 23. bxa5 Rxa5 24. d4 Rea8 25. Re2 Rxa3 26. Rb1 Ra1 27. Rb2
Rxb1+ 28. Rxb1 Rb8 29. Kd2 Kf8 30. Nh5 b5 0-1

[Event "AUTO-OPEN-2711"]
[Site "http://www.queenalice.com/game.php?id=1071002"]
[Date "2012.6.12"]
[Round "1"]
[White "rodriw02"]
[Black "chas0812"]
[Result "1-0"]
[WhiteElo "1394"]
[BlackElo "1336"]

1. e4 c5 2. d3 d5 3. Nc3 dxe4 4. Nxe4 e5 5. Qh5 Nc6 6. Ng5 g6 7. Qf3 Nf6 8. a4
Nd4 9. Qd1 Bf5 10. N5f3 c4 11. Nxd4 Qxd4 12. Nf3 Qc5 13. dxc4 Ng4 14. Qd2 Rd8
15. Bd3 e4 16. Qe2 Be7 17. Be3 Nxe3 18. Qxe3 Qxe3+ 19. fxe3 exd3 20. c3 O-O 21.
Ne5 Bf6 22. Nf3 Bg4 23. h3 Bxf3 24. gxf3 Bh4+ 25. Kd2 Rfe8 26. Rag1 Bf2 27. Rg2
Bxe3+ 28. Kd1 Rd6 29. Re1 Ree6 30. b4 a5 31. b5 Rd7 32. c5 Rd5 33. Rg3 Bf2 34.
Rxe6 fxe6 35. Rg2 Bxc5 36. Kd2 Kg7 37. h4 h5 38. f4 Kf6 39. Rg3 Bf2 40. c4 Rd8
41. Rxd3 Rxd3+ 42. Kxd3 Bxh4 43. Ke4 Ke7 44. c5 Kd7 45. c6+ 1-0

[Event "AUTO-OPEN-2711"]
[Site "http://www.queenalice.com/game.php?id=1071003"]
[Date "2012.6.12"]
[Round "1"]
[White "chas0812"]
[Black "rodriw02"]
[Result "1-0"]
[WhiteElo "1075"]
[BlackElo "1425"]

1. e4 e5 2. Nf3 f6 3. d4 g5 4. dxe5 Nc6 5. exf6 Qxf6 6. Nxg5 h6 7. Qh5+ Ke7 8.
Nf3 d6 9. Bb5 Nb4 10. e5 Nxc2+ 11. Kd1 Bg4 12. exf6+ Nxf6 13. Qh4 h5 14. Kxc2 a6
15. Re1+ Kf7 16. Bc4+ Be6 17. Rxe6 d5 18. Qxf6+ Kg8 19. Bxd5 Rh6 20. Re8+ Kh7
21. Ng5# 1-0

[Event "AUTO-OPEN-2711"]
[Site "http://www.queenalice.com/game.php?id=1071004"]
[Date "2012.6.12"]
[Round "1"]
[White "rodriw02"]
[Black "favazza2007"]
[Result "0-1"]
[WhiteElo "1443"]
[BlackElo "1900"]

1. e4 d5 2. Nc3 d4 3. Nd5 e6 4. Nf4 e5 5. Nd5 c6 6. Bc4 cxd5 7. Bxd5 Nf6 8. d3
Nxd5 9. exd5 Qxd5 10. Nf3 Bg4 11. c4 Qa5+ 0-1

[Event "AUTO-OPEN-2711"]
[Site "http://www.queenalice.com/game.php?id=1071005"]
[Date "2012.6.12"]
[Round "1"]
[White "favazza2007"]
[Black "rodriw02"]
[Result "1-0"]
[WhiteElo "1916"]
[BlackElo "1441"]

1. b4 e6 2. Bb2 f6 3. a3 b5 4. g3 Bb7 5. Nf3 g5 6. Bg2 g4 7. Nh4 Bxg2 8. Nxg2 d5
9. O-O h5 10. Nc3 a6 11. e4 d4 12. Ne2 e5 13. c3 dxc3 14. Nxc3 Qd3 15. Ne1 Qd4
16. Na4 Qc4 17. Nc3 Nc6 18. d3 1-0

[Event "AUTO-INT-2349"]
[Site "http://www.queenalice.com/game.php?id=1071039"]
[Date "2012.6.12"]
[Round "1"]
[White "FC"]
[Black "rodriw02"]
[Result "1-0"]
[WhiteElo "1609"]
[BlackElo "1439"]

1. e4 e5 2. Bc4 Qh4 3. Qf3 Nh6 4. d3 f6 5. g3 Qg4 6. Qxg4 Nxg4 7. f3 Bc5 8. fxg4
Bxg1 9. Rxg1 d6 10. h3 Nc6 11. Be3 Nb4 12. Bb3 b6 13. Nc3 Nxc2+ 14. Bxc2 g5 15.
O-O-O Be6 16. Ba4+ Bd7 17. Bxd7+ Kxd7 18. Nd5 Ke6 19. Nxc7+ Kd7 20. Nxa8 Rxa8
21. h4 h6 22. hxg5 hxg5 23. Rh1 Rc8+ 24. Kb1 Ke6 25. Rc1 Rd8 26. Rc7 Rd7 27.
Rxd7 Kxd7 28. Rh7+ Kc6 29. Rxa7 d5 30. exd5+ Kxd5 31. Bxb6 Kc6 32. Be3 Kd5 33.
Rf7 1-0

[Event "AUTO-INT-2349"]
[Site "http://www.queenalice.com/game.php?id=1071040"]
[Date "2012.6.12"]
[Round "1"]
[White "rodriw02"]
[Black "FC"]
[Result "0-1"]
[WhiteElo "1430"]
[BlackElo "1618"]

1. e4 e5 2. d3 Bd6 3. Nf3 Nf6 4. Bg5 h6 5. Bxf6 Qxf6 6. a3 O-O 7. b4 b5 8. h4
Bb7 9. g3 c5 10. bxc5 Bxc5 11. Qd2 Nc6 12. Nc3 Qxf3 13. Rh2 b4 14. Na4 Bd4 15.
Rb1 a5 16. Be2 Qf6 17. axb4 axb4 18. Nb2 Bxb2 19. Rxb2 Nd4 20. Rxb4 Nxe2 21.
Qxe2 Bc6 22. Kd2 Ra4 23. Rb3 d5 24. Rh1 dxe4 25. dxe4 Rxe4 26. Qf1 Rd4+ 27. Kc3
Bxh1 28. Qxh1 Qxf2 29. Kb2 Rc4 30. Qc1 Rfc8 31. Rb5 Rxc2+ 32. Qxc2 Rxc2+ 33. Kb3
Rb2+ 34. Kc4 Qc2+ 35. Kd5 Rxb5+ 0-1

[Event "AUTO-INT-2349"]
[Site "http://www.queenalice.com/game.php?id=1071057"]
[Date "2012.6.12"]
[Round "1"]
[White "rodriw02"]
[Black "vinoseco"]
[Result "1-0"]
[WhiteElo "1423"]
[BlackElo "1526"]

1. e4 e5 2. Nf3 d6 3. d3 Bg4 4. h3 Bxf3 5. Qxf3 Be7 6. Nc3 Nc6 7. Bd2 Nb4 8.
O-O-O c6 9. a3 Na6 10. Qg4 Bf6 11. h4 Qb6 12. Be3 c5 13. Nd5 Qa5 14. Bg5 Bxg5+
15. Qxg5 Kf8 16. Rh3 f6 17. Qg4 Nh6 18. Qd7 Re8 19. Qxd6+ Kf7 20. Qd7+ Kg6 21.
h5+ Kg5 22. Qxg7# 1-0

[Event "AUTO-INT-2349"]
[Site "http://www.queenalice.com/game.php?id=1071058"]
[Date "2012.6.12"]
[Round "1"]
[White "vinoseco"]
[Black "rodriw02"]
[Result "1-0"]
[WhiteElo "1536"]
[BlackElo "1422"]

1. e4 e5 2. d3 Nc6 3. Be3 f6 4. g4 g5 5. c3 d6 6. b4 b5 7. d4 Nh6 8. h3 a5 9.
Bxb5 Bd7 10. dxe5 fxe5 11. Qd5 axb4 12. Bxc6 Ra6 13. Bxd7+ Qxd7 14. Qb7 Rc6 15.
Bxg5 Nf7 16. Qb8+ Nd8 17. Qxb4 d5 18. Qb5 h6 19. Bf6 Bg7 20. Bxd8 Kxd8 21. Nf3
Rf8 22. Nbd2 dxe4 23. Nxe5 Bxe5 24. Qxe5 Qf7 25. Nxe4 Re8 26. Qd4+ Rd6 27. Qe3
Rd7 28. f3 Qg6 29. O-O h5 30. g5 Qf5 31. Kg2 Rf8 32. Rad1 Rxd1 33. Rxd1+ Ke7 34.
Ng3+ Qe6 35. Qxe6+ Kxe6 36. Nxh5 Rh8 37. Ng7+ Kf7 38. Rd7+ Kg6 39. f4 Rh7 40.
f5+ Kxg5 41. Rxc7 Kf6 42. Ne8+ Kxf5 43. Rxh7 Kf4 44. Re7 Kf5 45. Kg3 Kg6 46. Kg4
Kh6 47. h4 Kg6 48. c4 Kh6 49. c5 Kg6 50. c6 Kh6 51. c7 Kg6 52. c8=Q Kh6 53. Qc6#
1-0

[Event "AUTO-INT-2349"]
[Site "http://www.queenalice.com/game.php?id=1071059"]
[Date "2012.6.12"]
[Round "1"]
[White "rodriw02"]
[Black "pacou93"]
[Result "0-1"]
[WhiteElo "1401"]
[BlackElo "1673"]

1. e4 e5 2. d3 Nc6 3. c3 d5 4. Nf3 dxe4 5. Bg5 f6 6. Bh4 exf3 7. Qxf3 Be7 8. b4
f5 9. Qg3 Bxh4 10. Qxg7 Bf6 11. Qg3 Bd7 12. Be2 Be6 13. O-O Qe7 14. Bf3 f4 15.
Qxg8+ Rxg8 16. Nd2 O-O-O 17. b5 Na5 18. Be2 e4 0-1

[Event "AUTO-INT-2349"]
[Site "http://www.queenalice.com/game.php?id=1071060"]
[Date "2012.6.12"]
[Round "1"]
[White "pacou93"]
[Black "rodriw02"]
[Result "1-0"]
[WhiteElo "1667"]
[BlackElo "1407"]

1. e4 e5 2. Nf3 f6 3. d4 Nc6 4. d5 Nb4 5. c3 Na6 6. Bxa6 bxa6 7. O-O g5 8. h3 d6
9. Be3 h5 10. Nfd2 g4 11. h4 c5 12. Nc4 Qd7 13. f4 Bh6 14. fxe5 Bxe3+ 15. Nxe3
fxe5 16. g3 Bb7 17. c4 O-O-O 18. Nc3 Ne7 19. Qa4 1-0

[Event "William"]
[Site "http://www.queenalice.com/game.php?id=1086981"]
[Date "2012.7.26"]
[Round "-"]
[White "acm_chessmaster"]
[Black "rodriw02"]
[Result "1-0"]
[WhiteElo "1722"]
[BlackElo "1411"]

1. e4 e5 2. Nf3 f6 3. Nc3 c6 4. Nh4 d6 5. Bc4 Nh6 6. d3 g5 7. Qh5+ Ke7 8. Nf5+
Bxf5 9. exf5 d5 10. Bb3 Nxf5 11. O-O Ng7 12. Qe2 d4 13. Ne4 b6 14. Qf3 f5 15.
Nxg5 Qd6 16. Nf7 Qf6 17. Nxh8 Ke8 18. Nf7 Ne6 19. Bxe6 Qxe6 20. Ng5 Qe7 21. Qxf5
h6 22. Qc8+ Qd8 23. Qxd8+ Kxd8 24. Ne6+ Ke7 25. Nxf8 Kxf8 26. Bxh6+ Kf7 27. Rfe1
Nd7 28. Re2 Rh8 29. Bd2 Nf6 30. h3 Ke6 31. Rae1 Rh5 32. f3 Rf5 33. Kf2 Rh5 34.
g4 Nxg4+ 35. hxg4 Rh3 36. Rxe5+ Kf6 37. Rf5+ Kg7 38. Re7+ Kg8 39. Ref7 Kh8 40.
Rxa7 Kg8 41. Rf6 Rh7 42. Rxh7 Kxh7 43. Rxc6 1-0